000 00738nam a2200253Ia 4500
003 OSt
005 20220928131002.0
006 a|||||r|||| 00| 0
007 ta
008 220927b |||||||| |||| 00| 0 hin d
020 _cINR 299.00
024 _a137682
037 _b102, 15/03/2018, Eastern Media
_cTextual
040 _aSDCL
_cSDCL
_bhin
041 _2hin
_ahin
082 _aO152,6DOY, Q7 LR
100 _aDoyle C. C.
_9476763
245 0 _aMahabharat ke raaj
_b Druid ka rahasya
260 _aNew Delhi
_bWestland
_c2016
300 _axxiii,470p.
_ccm.
650 _aReference
942 _hO152,6DOY, Q7 LR
_cTEXL
_2CC
999 _c789235
_d789235